000 00497nam a2200193Ia 4500
003 GCL
008 140319s9999 xx 000 0 ara d
040 _aGCL /
_cGCL
082 0 4 _a814
_bط ل
100 1 _aطائفة من المفكرين
245 1 0 _aلماذا نقرا ? /
_cطائفة من المفكرين
300 _a139 ص
490 _a
650 0 4 _aالمقالات
650 0 4 _aالثقافة
650 0 4 _aالقراءة
650 0 4 _aالمجموعات
942 _2ddc
_cBK
999 _c45732
_d45732